El Baix Empordà : recursos i estructura econòmica / Joan Cals i Güell (director), Rafael Lostado i Bojó, Anna Matas i Prat ; amb la col·laboració de Jordi Llobet i Ponsatí recursos i estructura econòmica / Joan Cals i Güell (director), Rafael Lostado i Bojó, Anna Matas i Prat ; amb la col·laboració de Jordi Llobet i Ponsatí
Descripción Física:
XII, 303 p. : amb map. ; 24 cm
Colección:
Catalunya comarcal
Materias:
Baix Empordà -- Condicions econòmiques
MARC
| LEADER | 00000nam a2200000Ia 4500 | ||
|---|---|---|---|
| 001 | 1415 | ||
| 008 | 160829s1984 xx 000 0 cat d | ||
| 080 | |a M-2-2 | ||
| 100 | |a Cals i Güell, Joan |9 24090 | ||
| 245 | |a El Baix Empordà : |b recursos i estructura econòmica / Joan Cals i Güell (director), Rafael Lostado i Bojó, Anna Matas i Prat ; amb la col·laboració de Jordi Llobet i Ponsatí | ||
| 260 | |a Barcelona : |b Caixa d'Estalvis de Catalunya, |c 1984 | ||
| 300 | |a XII, 303 p. : |b amb map. ; |c 24 cm | ||
| 490 | |a Catalunya comarcal | ||
| 650 | |a Baix Empordà |x Condicions econòmiques |9 28838 | ||
| 700 | |a Lostado i Bojó, Rafael |9 28839 | ||
| 700 | |a Matas i Prat, Anna |9 28840 | ||
| 700 | |a Llobet i Ponsatí, Jordi |9 28841 | ||
| 901 | |a Arxiu | ||
| 942 | |n 1 | ||
| 952 | |0 0 |1 0 |4 0 |6 M22 |7 1 |9 44956 |a Arxiu |b Arxiu |d 2016-12-01 |l 0 |o M-2-2 |p 1415 |r 2016-12-01 00:00:00 |w 2016-12-01 |y ARXIU | ||
| 999 | |c 47555 |d 47555 | ||